LEADER 00928nam a2200241 i 4500 001 000000186107 003 CaOOAMICUS 005 20100222000000.0 008 100222s1928 fr u000 u fre u 013 $a164153 040 $aSeMil$bita 245 10$a3. 260 $aAmsterdam :$bVan Holkemas & Warendorf's,$c1928. 260 $aParis :$bRieder,$c1928. 300 $a248 p. ;$c21 cm. 490 0 $aAnnales d'histoire du christianisme 773 0 $tCongrès d'histoire du chistianisme.$dParis : Rieder, 1928.$w()19471 830 0$aAnnales d'histoire du christianisme.$0(OLS)http://semarc/title/18482 850 $aSeMil 852 $aSeMil$W1$xVenegono$y1$m2X II 72$j136794$B136794$CSeMilBibl$Z2$F148343 $81 996 $6245$a3$9(OLS)http://semarc/title/47129 996 $6260$aParis :$bRieder$9(OLS)http://semarc/publisher/43535 996 $6260$aAmsterdam :$bVan Holkemas & Warendorf's$9(OLS)http://semarc/publisher/35124 LEADER 01357nam a2200289 i 4500 001 000000112236 003 CaOOAMICUS 005 20100315000000.0 008 100315s1980 it u000 u ita u 013 $a84920 040 $aSeMil$bita 100 1 $aCommunauté des Béatitudes.$0(OLS)http://semarc/name/47026 240 10$aMais delivre-nous du mal.$0(OLS)http://semarc/title/163585 245 10$aMa liberaci dal male :$bsuggerimenti pratici per la preghiera di liberazione /$c; Il Leone di Giuda e l'Agnello immolato ; sintesi presentata dal dr. Philippe Madre. 260 $aRoma :$bEdizioni Rem,$c1980. 300 $a166 p. ;$c20 cm. 490 0 $aRisuscitò ;$v1 500 $aTrad. a cura della Comunità Maria di Monte Argentario. - Fondo Card. C.M. Martini. 650 4$aPreghiera di liberazione.$0(OLS)http://semarc/subject/20190 700 1 $aMadre, Philippe <1950->.$0(OLS)http://semarc/name/39099 830 0$aRisuscitò ;$v1.$0(OLS)http://semarc/title/11391 850 $aSeMil 852 $aSeMil$W1$xVenegono$y1$m2X III 55$j68008$B68008$CSeMilBibl$Z2$F96806 $81 941 1 $a4 961 $aOmaggio: Martini Card. Carlo Maria 996 $6245$aMa liberaci dal male :$bsuggerimenti pratici per la preghiera di liberazione$9(OLS)http://semarc/title/163584 996 $6260$aRoma :$bEdizioni Rem$9(OLS)http://semarc/publisher/32332